| 000 | 00427nam a22001337a 4500 | ||
|---|---|---|---|
| 005 | 20230726125009.0 | ||
| 008 | 230726b |||||||| |||| 00| 0 eng d | ||
| 041 | _aeng | ||
| 100 |
_aAGGARWALA, DR. ADISH C. AGGARWALA & MS. HORAN ELISABETH _97883 |
||
| 245 | _aNARENDRA MODI: HARBINGER OF PROSPERAY & APOSITE OF WORLD PEACE | ||
| 260 |
_aNEW YORK _bUSA PUBLICATION & DISTRIBUTION HOUSE, LLC _c2020 |
||
| 300 | _a364;p | ||
| 942 | _cBK | ||
| 999 |
_c8343 _d8341 |
||